| 000 | 00978cab a2200205 4500 | ||
|---|---|---|---|
| 001 | ##L132709 | ||
| 008 | 060302n2006 000 0 eng u | ||
| 035 | _a(Sirsi) u132709 | ||
| 041 | 0 | _aeng | |
| 100 | 1 | _aMallet, Lee | |
| 245 | 0 | 0 | _aThinking inside the box |
| 260 | _c2006 | ||
| 490 | 0 |
_aProperty Week _v71(8), 24 February 2006, 46-48(3) |
|
| 520 | _aThe Regeneration Property Forum is set to launch the Urban Regeneration Toolbox in the autumn of 2006. It aims to provide a route map of where both the industry's public and private sector can share information and learn from each other regarding regeneration issues. The article presents an overview of the visions and practical approaches of two contributors to the project, King's Cross in London and the Westgate Demonstrator Project in Rotherham. | ||
| 650 | 2 | 4 | _aREGENERATION PROPERTY FORUM |
| 650 | 2 | 4 | _aKINGS CROSS |
| 650 | 2 | 4 | _aROTHERHAM |
| 690 | _aPROPERTY-PROPERTY MANAGEMENT-REGENERATION | ||
| 942 | _n0 | ||
| 999 |
_c76577 _d76577 |
||